00390nam a2200157Ia 4500008004100000020001300041082001600054100002100070245002100091250000700112260003200119300002800151500000700179600003300186650001300219240925s9999 xx 000 0 und d a99273675 a291.211 ARM aKaren, Armstrong 2aA History of God aNA aLondon:bVikar publc,1993. axvii,811p.bifOriginal aNA aHumanities & Natural Science aReligion